| 000 | 01729nam0a2200301 4500 | ||
|---|---|---|---|
| 001 | RU\NLR\bibl\1738237 | ||
| 005 | 20260531052619.0 | ||
| 035 | _a(NLR Aleph) 001729164 | ||
| 090 |
_a1388491 _c1388491 |
||
| 100 | _a20110218d2003 |||y0rusy50 ca | ||
| 101 | 0 | _arus | |
| 102 | _aRU | ||
| 105 | _ay ||||||||| | ||
| 200 | 1 |
_aЯрославская книга - 2002 _eкаталог книг местной печати _fЯрослав. обл. универс. науч. б-ка им. Н.А. Некрасова, Отд. краеведения _g[сост.: М.В. Бекке, Н.Н. Макарова _gредкол.: ... Н.Н. Макарова (отв. ред.), Т.В. Садунова] |
|
| 210 |
_aЯрославль _cЯрославская областная универсальная научная библиотека _d2003 |
||
| 215 |
_a84 с. _d21 |
||
| 320 | _aУказатели авт. и загл., изд-в, персоналий, геогр.: с. 63-82 | ||
| 606 | 1 |
_aКниги _jБиблиография _yЯрославская область _92262829 _3RU\NLR\auth\661356652 |
|
| 686 | _aЯ12(2Р-4Яр)2 | ||
| 702 | 1 |
_aБекке _bМ. В. _gМаргарита Владиславовна _4220 |
|
| 702 | 1 |
_4340 _8rus _7ca _aМакарова _bН. Н. _cбиблиотекарь _gНадежда Николаевна _3RU\NLR\auth\7724163 _97214 |
|
| 712 | 0 | 2 |
_4570 _aЯрославская областная универсальная научная библиотека им. Н. А. Некрасова _bОтдел краеведения _3RU\NLR\AUTH\8810130759 _9758256 |
| 801 | 0 |
_aRU _bNLR _c20110218 _gRCR |
|
| 801 | 1 |
_aRU _bNLR _c20110218 |
|
| 830 | _aпо эк | ||
| 942 | _cBOOK | ||
| 980 | _aNB | ||